000 00213 a2200097 4500
001 45666
100 _aChauer G
245 _aTroilus and cressida
260 _aChicago
_bWilliam Benton
_c
090 _c28843
_d28843
942 _aNUST-CAE
_cM
_c20939
999 _c280739
_d280739